00458nam a2200145Ia 4500008004100000020001800041100002100059245007100080250001200151260003400163300002000197500003300217650004400250650001800294200619s9999 xx 000 0 und d a0-273-65161-7 aGlautier, M.W.E. cM.W.E. Glautier, B. UnderdownaAccounting :bTheory and practice / a7th ed. aHarlow :bPrentice Hallc2001 axiii, 716 pages aIncludes appendix and index. aAccounting -- Problems, exercises, etc. aAccounting.